Situácia, anxieta a stratégia zvládania

Bibliographic Details
Main Author: Prokopčáková, Alexandra, 1951- (Author)
Format: Article
Language:Slovak
PhysicalDescription:Grafy, tab.
ISBN:8088910102
Subjects:

MARC

LEADER 00000nab a2200000 a 4500
001 vtls000844798
003 SK-MaSNL
005 20260302164629.0
008 161006c2002 xo 0 slo
015 |a SNBRA2003/09-23096 
035 |a CLN000196453 
040 |a SNKBUCL  |b slo  |c SNKBUCL  |e AACR2 
041 0 |a slo 
044 |a xo  |c SK 
080 |a 159.97:616.89-008.441  |2 1997 
080 |a 16.89-008.441  |2 1997 
100 1 |a Prokopčáková, Alexandra,  |d 1951-  |4 aut  |9 39326 
245 1 0 |a Situácia, anxieta a stratégia zvládania  |c Alexandra Prokopčáková 
300 |b Grafy, tab. 
504 |a Bibliogr. odkazy 
650 0 7 |a anxieta  |x zvládanie (psychológia)  |2 snkbucl  |9 867884 
650 0 7 |a záťaž psychická  |x zvládanie (psychológia)  |2 snkbucl  |9 867885 
650 0 7 |a zvládanie (psychológia)  |x anxieta  |2 snkbucl  |9 867886 
655 7 |a články zo zborníkov  |2 snkbucl  |9 166140 
773 0 |w 000409564  |z 8088910102  |t Zvládanie záťaže - výskumné prínosy Ústavu experimentálnej psychológie SAV  |d Bratislava : Ústav experimentálnej psychológie SAV, 2002  |g S. 32-39 
850 |a Slovenská národná knižnica v Martine 
852 |a SNK  |b KIS3GCP 
958 |a NB 
999 |c 1387313  |d 1389243